| 000 | 00728nam a2200241 a 4500 | ||
|---|---|---|---|
| 001 | 000016675 | ||
| 005 | 20200929164939.0 | ||
| 008 | 100309s2001 dr a 001 0 eng d | ||
| 040 |
_aDO-SdBNP _bspa _cBNPHU |
||
| 041 | 0 | 7 |
_aspa _heng |
| 082 |
_a421 _bZ35L |
||
| 100 | 1 |
_aZapata G., José Antonio _937025 |
|
| 245 | 1 | 0 |
_aLet's work together / _cJosé Antonio Zapata G. |
| 246 | 2 | 4 | _aTogether |
| 260 |
_aMoca, República Dominicana : _bDalis, _c2001. |
||
| 300 |
_av. : _bil. ; _c25 cm. |
||
| 500 | _aLa biblioteca posee el v. 1-3 | ||
| 546 | _aInglés | ||
| 590 | _aInventariado, 2018/VM | ||
| 650 | 4 |
_aInglés _xEnseñanza _912229 |
|
| 650 | 4 |
_aInglés _xLibros de texto _937026 |
|
| 910 | _aValidado. Control de calidad EMS | ||
| 999 |
_c16208 _d16208 |
||